000 00677cam a2200217 4500
001 B1423
008 090401t xxu||||| |||| 00| 0 eng d
035 _a(Sirsi) u44353
041 _aeng
050 _a333.335094253
110 _aStanbridge Mumby and Moore
_92253
245 _aFarm business review : Lincolnshire agriculture retrospect & prospect ... - No. 3 (December 1984) - No. 6 (December 1987) and No. 8 (February 1990)
260 _aLincoln
_bStanbridge Mumby and Moore
_c1984 -
350 _a4.95
520 _aPublished annually
650 _aFARM LAND
650 _aLAND PRICES
710 _aJohn H. Walter and Sons
_92262
942 _n0
948 _c04/03/1997
999 _c91500
_d91500